Statistics for 10 Largest Ethnic Groups in New Zealand

Click here to take the quiz!

General Stats

  • This quiz has been taken 34 times
  • The average score is 6 of 10

Answer Stats

PopulationAnswer% Correct
775,836Maori
90%
231,387Chinese
87%
221,916Indian
84%
72,204English
61%
182,721Samoan
58%
72,612Filipino
55%
3,013,440European
52%
82,389Tongan
52%
45,330New Zealander
48%
80,532Cook Islander
23%

Score Distribution

Percentile by Number Answered

Percent of People with Each Score

Your Score History

You have not taken this quiz